|
|
|
|
| LEADER |
01921nam a2200505 i 4500 |
| 001 |
nkc20203243985 |
| 003 |
CZ PrNK |
| 005 |
20211007094324.0 |
| 007 |
ta |
| 008 |
200828s2020 xr a e p 000 0 cze |
| 015 |
|
|
|a cnb003243985
|
| 020 |
|
|
|a 978-80-213-3035-1
|q (brožováno)
|
| 035 |
|
|
|a (OCoLC)1267679090
|
| 040 |
|
|
|a BOA001
|b cze
|d ABA001
|e rda
|
| 072 |
|
7 |
|a 674
|x Dřevo. Dřevařský průmysl
|2 Konspekt
|9 19
|
| 072 |
|
7 |
|a 37.016
|x Učební osnovy. Vyučovací předměty. Učebnice
|2 Konspekt
|9 22
|
| 080 |
|
|
|a 674.03
|2 MRF
|
| 080 |
|
|
|a 674.02
|2 MRF
|
| 080 |
|
|
|a 674.5
|2 MRF
|
| 080 |
|
|
|a (075.8)
|2 MRF
|
| 100 |
1 |
|
|a Sarvašová Kvietková, Monika,
|d 1984-
|7 mzk2013792525
|4 aut
|
| 245 |
1 |
0 |
|a Dřevařské komodity II. /
|c Monika Sarvašová Kvietková
|
| 250 |
|
|
|a První vydání
|
| 264 |
|
1 |
|a V Praze :
|b Česká zemědělská univerzita v Praze,
|c 2020
|
| 300 |
|
|
|a 111 stran :
|b ilustrace (převážně barevné) ;
|c 25 cm
|
| 336 |
|
|
|a text
|b txt
|2 rdacontent
|
| 337 |
|
|
|a bez média
|b n
|2 rdamedia
|
| 338 |
|
|
|a svazek
|b nc
|2 rdacarrier
|
| 500 |
|
|
|a Nad názvem: Česká zemědělská univerzita v Praze, Fakulta lesnická a dřevařská
|
| 500 |
|
|
|a 120 výtisků
|
| 504 |
|
|
|a Obsahuje bibliografii a bibliografické odkazy
|
| 650 |
0 |
7 |
|a dřevo
|7 ph114403
|2 czenas
|
| 650 |
0 |
7 |
|a zpracování dřeva
|7 ph135488
|2 czenas
|
| 650 |
0 |
7 |
|a dřevěné výrobky
|7 ph119754
|2 czenas
|
| 650 |
0 |
9 |
|a wood
|2 eczenas
|
| 650 |
0 |
9 |
|a wood processing
|2 eczenas
|
| 650 |
0 |
9 |
|a wood products
|2 eczenas
|
| 655 |
|
7 |
|a učebnice vysokých škol
|7 fd133772
|2 czenas
|
| 655 |
|
9 |
|a textbooks (higher)
|2 eczenas
|
| 710 |
2 |
|
|a Česká zemědělská univerzita v Praze.
|b Lesnická a dřevařská fakulta
|7 ko2007416980
|4 isb
|
| 910 |
2 |
|
|a BOA001
|b 2-1471.025
|
| 990 |
|
|
|a BK
|
| 995 |
|
|
|a 01
|
| 991 |
|
|
|b 202108
|c NOV
|
| 996 |
6 |
|
|b 2610874040
|c 2-1471.025
|l MZK
|r Sklad / do 1 hodiny
|n 0
|p p.v.
|w 001859190
|u 000010
|a 1
|e BOA001
|j MZK50
|s P
|